Barcelona vs Arsenal - UEFA Champions League final 2006 squads - Statistics

General Stats
  • This quiz has been taken 850 times
  • The average score is 19 of 38
Answer Stats
Answer % Correct
Thierry Henry
96%
Carles Puyol
87%
Víctor Valdés
86%
Andrés Iniesta
84%
Arsène Wenger
84%
Xavi
84%
Ronaldinho
83%
Samuel Eto'o
83%
Sol Campbell
77%
Jens Lehmann
76%
Robert Pirès
73%
Ashley Cole
70%
Cesc Fàbregas
65%
Kolo Touré
61%
Dennis Bergkamp
58%
Frank Rijkaard
57%
Deco
53%
Manuel Almunia
46%
Rafael Márquez
46%
Fredrik Ljungberg
44%
Juliano Belletti
40%
Robin van Persie
39%
Gilberto Silva
36%
Alexander Hleb
35%
Ludovic Giuly
35%
Emmanuel Eboué
34%
Giovanni van Bronckhorst
33%
Henrik Larsson
33%
José Antonio Reyes
32%
Gaël Clichy
28%
Mark van Bommel
27%
Sylvinho
27%
Mathieu Flamini
25%
Edmílson
22%
Oleguer
22%
Philippe Senderos
21%
Thiago Motta
14%
Albert Jorquera
8%
No matching quizzes found
Score Distribution
Percent of People with Each Score
Percentile by Number Answered
Your Score History
You have not taken this quiz